Really Hard Geography Questions #2 - Statistics

General Stats
  • This quiz has been taken 951 times
    888 since last reset
  • The average score is 13 of 39
Answer Stats
Question Answer % Correct
Tirana is the capital of what majority-muslim Balkan country? Albania
86%
Lake Agassiz was a massive glacial lake in what country? United States
75%
Amar Shonar Bangla is the national anthem of what southeastern Asian country? Bangladesh
72%
Laiza, a town in Burma, is on the border with what other country? China
70%
Tbong Khmum is a new province in what country? Cambodia
69%
The Nakdong River passes through Daegu and Busan in which Asian country? South Korea
69%
Moose Jaw is a city in what country? Canada
68%
The city of Astrakhan lies on what river? Volga River
67%
The city of Yangon is formerly known as what? Rangoon
61%
Novosibirsk Reservoir is a man-made lake in Russia created by damming what river? Ob River
59%
Dej is 60 km north of Cluj-Napoca in what country? Romania
56%
Uummannaq is in the Qaasuitsup municipality of what large island? Greenland
55%
What is the currency of Guadeloupe? Euro
49%
Wyoming has what type of animal on it's flag? Bison
46%
Brown University, an Ivy League school, is located in which US state? Rhode Island
43%
Tskhinvali Region is a disputed region in the south Caucasus also known as what? South Ossetia
41%
The Krubera Cave, the deepest in the world, is located in what country? Georgia
32%
What capital city is on he northeastern shore of Lake Tanganyika? Bujumbura
31%
What is the least populous world capital (sovereign state, not metro population)? Ngerulmud, Palau
30%
Taumatawhakatangihangakoauauotamateapokaiwhenuakitanatahu is a small what in New Zealand? Hill
29%
Gao is a region of what African country? Mali
27%
Which talented Liberian soccer unsuccessfully ran for president there? George Weah
23%
Western Sahara is a disputed territory in what region of Africa? Maghreb
23%
Kwajalein Atoll is part of what country? Marshall Islands
23%
Banaba, a raised coral island, is part of what country? Kiribati
20%
Nzerekore is the second most populous city in what country? Guinea
16%
What is the capital of Christmas Island? Flying Fish Cove
15%
Mount Temwetemwensekir is a mountain on the island of Pohnpei, near what capital city? Palikir
14%
Tortola is the most populous island of what archipelago? British Virgin Islands
12%
Monticello, Thomas Jefferson's home, is located in what Virginian city? Charlottesville
12%
What is the largest city in all the overseas British territories? Georgetown, Cayman Islands
11%
The Mbomou and Uele rivers combine in the country of Central African Republic to form what river? Ubangi River
8%
Port Mathurin is the capital of what island? Rodrigues
4%
Keechelus Lake is the source of what Washington state river? Yakima River
4%
Port-of-Spain is located on what gulf? Gulf of Paria
3%
The unfortunately named Disappointment Islands are part of the French overseas territory of French Polynesia, and what archipelago within that? Tuamotu
3%
Ulaanbataar is located in the what river valley? Tuul River Valley
3%
Mount Marsili, an active undersea volcano, is located in what sea? Tyrrhenian
3%
Jarvis Island, a US overseas territory south of the equator, was formerly known as what? Bunker Island
2%
No matching quizzes found
Score Distribution
Percent of People with Each Score
Percentile by Number Answered
Your Score History
You have not taken this quiz since the last reset